000 00837nam a22002657a 4500
005 20160127051000.0
006 m o d
008 081021s2008 nyua s 001 0 eng d
020 _a9780071490849 (alk. paper)
020 _a0071490841 (alk. paper)
041 0 _aeng
080 _a004
100 1 _aLuckett, Richard.
245 1 0 _aMicrosoft Exchange server 2007
_cRichard Luckett, William Lefkovics, Bharat Suneja.
260 _aNew York :
_bMcGraw-Hill,
_c2008
300 _a766 f.:
_bme il.;
_c23 cm.
505 _aIndex: f. 743 - 766
630 0 0 _aMicrosoft Exchange server.
650 0 _aKompjuterat
650 0 _aSistemi elektronik
655 7 _aElectronic books.
700 1 _aLefkovics, William.
_4aut
700 1 _aSuneja, Bharat.
_4aut
942 _2udc
_cBK
999 _c606
_d606